المعجم العسكري المصور : (Record no. 25861)
[ view plain ]
| 000 -الفاتح | |
|---|---|
| حقل البيانات ثابتة الطول | 01869nam a22003255a 4500 |
| 003 - محدد رقم الضبط | |
| رقم الضبط | OSt |
| 005 - وقت وتاريخ اخر تعامل مع التسجيلة | |
| رقم الضبط | 20180104143626.0 |
| 008 - عناصر البيانات ثابتة الطول - معلومات عامة | |
| حقل البيانات ثابتة الطول | 180104s2013 ua o frb 001 0 ara d |
| 017 ## - رقم الإيداع القانونى | |
| رقم الإيداع القانونى | 2004 / 5826 |
| 020 ## - الرقم الدولى المعيارى للكتب | |
| الرقم الدولى المعيارى للكتاب | 9772084724 |
| 040 ## - مصدر الفهرسة | |
| وكالة الفهرسة الأصلية | EG-ScBUE |
| لغة الفهرسة | ara |
| وكالة النسخ | EG-ScBUE |
| 041 1# - رمز اللغة | |
| رمز لغة النص/ المسارات الصوتية أو العنوان الانفرادي | ara |
| -- | eng |
| رمز لغة الترجمات و/او الاصلية المتوسطة للنص | eng |
| 082 04 - رقم تصنيف ديوى العشرى | |
| رقم التصنيف | 355.003 |
| رقم المادة | ح ض ر |
| رقم الطبعة | 22 |
| 100 1# - المدخل الرئيسى - إسم شخصى | |
| الإسم الشخصى | حضري، شريف. |
| 245 12 - بيان العنوان | |
| العنوان | المعجم العسكري المصور : |
| بقية العنوان | إنجليزي - عربي = Illustrated military dictionary : English - Arabic : هيكل تنظيمي - نظام التعبئة والاستدعاء - أسلحة الدمار الشامل - النقل والمواصلات - الاتصالات - أنظمة تسليح - مخابرات - الحرب البرية والجوية والبحرية والفضائية - شئون إدارية - إنقاذ واستعادة وإخلاء - قيادة وسيطرة - الاختصارات / |
| بيان المسئوليه,etc | إعداد وترجمة شريف الحضري. |
| 246 31 - العنوان الموازى | |
| عنوان صحيح/عنوان مختصر | Illustrated military dictionary : |
| بقية العنوان | English - Arabic |
| 246 34 - العنوان الموازى | |
| عنوان صحيح/عنوان مختصر | المعجم العسكري المصور : |
| بقية العنوان | إنجليزي - عربي : مع مسرد ألفبائي (عربي - إنجليزي) موسع |
| 250 ## - بيان الطبعة | |
| بيان الطبعة | ط. 1. |
| 260 ## - PUBLICATION, DISTRIBUTION, ETC. (IMPRINT) | |
| مكان الناشر او الموزع | القاهرة : |
| اسم الناشر او الموزع | مكتبة مدبولي، |
| تاريخ النشر أو التوزيع | 2013. |
| 300 ## - الوصف المادى | |
| التعداد | 1118، 111 ص. : |
| تفاصيل ماديه اخرى للوعاء | صور (لو.) ؛ |
| أبعاد الوعاء | 28 سم. |
| 500 ## - تبصرة عامة | |
| تبصرة عامة | يشتمل على ملحق صور. |
| 500 ## - تبصرة عامة | |
| تبصرة عامة | يشتمل على ملحق بالمختصرات الأجنبية. |
| 504 ## - تبصرة ببليوجرافية | |
| تبصرة ببليوجرافية,الخ | يشتمل على قائمة ببليوجرافية. |
| 541 ## - تبصرة المصدر المباشر للتزويد | |
| مصدر التزويد | أ. محمد فريد خميس ؛ |
| طريقة التزويد | إهداء ؛ |
| 546 ## - تبصرة اللغة | |
| تبصرة اللغة | النص باللغتين العربية والإنجليزية ؛ مترجم من اللغة الإنجليزية. |
| 650 #7 - المدخل الاضافى بالموضوع-مصطلح موضوعى | |
| مصطلح موضوعي أو اسم جغرافي كعنصر مدخل | العلوم الحربية |
| التقسيم الفرعي الشكلي | معاجم. |
| مصدر الرأس أو المصطلح | BUEsh |
| 651 ## - المدخل الاضافى بالموضوع - اسم جغرافى | |
| مصدر الرأس أو المصطلح | BUEsh |
| 653 ## - مصطلح تكشيفى غير مقيد | |
| Resource For college | Generalities |
| -- | BAEPS, Political Science |
| Arrived date list | January2018 |
| 942 ## - عناصر المدخل الإضافي( كوها) | |
| مصدر التصنيف او مخطط الترفيف | Dewey Decimal Classification |
| حالة التراجع | حالة الفقد | مصدر التصنيف او خطة الترفيف | حالة تلف | ليس للاعارة | مجموعات كوها | المكان الدائم | المكان الحالي | موقع الترفيف | تاريخ الاكتساب | Source of acquisition | رقم الاستدعاء | الباركود | Date last seen | تبصرة غير عامة( المفوع للعناصر المفقوده) | نوع الوعاء |
|---|---|---|---|---|---|---|---|---|---|---|---|---|---|---|---|
| Dewey Decimal Classification | Donation-Gift | Central Library | Central Library | Ground Floor | 04/01/2018 | Donation | 355.003 ح ض ر | 000042782 | 15/07/2025 | إهداء من أ. محمد فريد خميس | Reference (NB) |